01032 a2200181 4500003000500000005001700005020001800022040000900040082001300049100002200062245006200084250001100146260003600157300001100193505058200204538002900786650003500815Nust20170207154059.0 a81-203-1135-3 cNust a621.3815 aMark n. Horentein aMicroelectronics Circuits and DevicescMark N. Horenstein a2nd ed aNew DelhibPrintice- Hallc1996 a1126p; a1.Review of Linear Circuits Theory Page No 1, Operational Amplifiers Page No 37, Introduction to Nonlinear Circuits Elements Page No 107, Signal Processing and Conditioning with two Terminal Nonlinear Devices Page No 171,Three Terminal Devices Page No 235, Basic Circuits Containing Three Terminal Devices Page No 313, Analog Amplification Page No369, Differential Amplifiers Page No 477,Frequency Response and time Dependent Circuits Behavior Page No 565, Feedback and Stability Page No 661, Multistage and Power Amplifiers Page No 717, Analog Integrated Circuits Page No 767. aAlmirah No.25 Shelf No.2 aTelecommunication Engineering.